[Event "RUS-Cup01 Chigorin mem"]
[Site "St Petersburg"]
[Date "1997.11.08"]
[Round "8"]
[White "Saltaev, Mihail"]
[Black "Ibragimov, Ildar"]
[Result "0-1"]
[WhiteElo "2490"]
[BlackElo "2585"]

1.e4 e5 2.Nf3 Nc6 3.Bb5 a6 4.Ba4 Nf6 5.O-O Be7 6.Re1 b5 7.Bb3 d6 8.a4 Bb7
9.c3 Nb8 10.d4 Nbd7 11.dxe5 dxe5 12.Bc2 O-O 13.Nbd2 c5 14.b3 Qc7 15.Qe2 Bc6
16.Bb2 Nh5 17.g3 g6 18.axb5 axb5 19.c4 b4 20.Nf1 f6 21.Ne3 Nb6 22.Nd5 Qb7
23.Nh4 Ng7 24.Qg4 Nxd5 25.exd5 Bd7 26.Qe2 Bd6 27.Qd2 Rxa1 28.Rxa1 Ra8 29.Rxa8+ Qxa8
30.Bb1 Qc8 31.Bc2 Qe8 32.Qh6 Qe7 33.f3 f5 34.Ng2 Nh5 35.Qe3 Nf6 36.Qe1 Kf7
37.Qa1 f4 38.g4 e4 39.Bxf6 Qxf6 40.Qxf6+ Kxf6 41.Bxe4 Ke5 42.Bc2 Kd4 43.Kf1 Kc3
44.Ne1 g5 45.Ke2 Be8 46.Bxh7 Kxb3 47.Kd3 Ka2 48.Ng2 b3 49.h4 b2 50.Kd2 gxh4
51.Nxh4 Be7 52.Ng2 Ba4 53.Bd3 Bb3 54.Ne1 Bd8 55.d6 Ba5+ 56.Ke2 Ka3 57.Bb1 Ba2
58.Be4 Bxc4+ 59.Kd1 Bb3+ 60.Ke2 Bd5 61.Bf5 Bd8 62.Kd2 Ba2 63.d7 Be6 64.Bb1 Bxd7
65.Kd3 Be6 66.Nc2+ Kb3 67.Ke4 Bg5 68.Ne1 c4 69.Nc2 Kc3 70.Nd4 Bg8 71.Nb5+ Kd2
72.Kd4 Bf6+ 73.Kc5 c3 74.g5 Bxg5 75.Nd4 Bf6  0-1

[Event "RUS-Cup01 Chigorin mem"]
[Site "St Petersburg"]
[Date "1997.11.09"]
[Round "9"]
[White "Ibragimov, Ildar"]
[Black "Shariyazdanov, Andrey"]
[Result "1-0"]
[WhiteElo "2585"]
[BlackElo "2465"]

1.d4 Nf6 2.c4 e6 3.Nc3 Bb4 4.e3 b6 5.Bd3 Bb7 6.Nf3 O-O 7.O-O d5 8.a3 Bd6
9.Nb5 dxc4 10.Bxc4 Be7 11.Qe2 Nbd7 12.Rd1 Ne4 13.Nc3 Ndf6 14.Ne5 Qc8 15.f3 Nxc3
16.bxc3 c5 17.e4 Rd8 18.Bf4 Nh5 19.Be3 Nf6 20.Qa2 a6 21.a4 Bd6 22.Qb3 Qc7
23.Bg5 Re8 24.Bxf6 gxf6 25.Ng4 Kg7 26.Rab1 Bc6 27.d5 Bxa4 28.Qxa4 b5 29.Qc2 bxc4
30.g3 h5 31.Ne3 h4 32.dxe6 fxe6 33.Nxc4 Rad8 34.f4 hxg3 35.hxg3 Rg8 36.Rd3 Be7
37.Rbd1 Rxd3 38.Rxd3 Qc6 39.Qe2 Rh8 40.Rd1 Kf7 41.Kg2 Kf8 42.Rb1 Bd8 43.Rb8 Ke7
44.Qd3 Re8 45.Qb1 Bc7 46.Qb7 Qxb7 47.Rxb7 Kd7 48.Ra7 Kc6 49.Rxa6+ Kb5 50.Nd6+ Bxd6
51.Rxd6 Kc4 52.Rc6 Kxc3 53.e5 f5 54.Rxc5+ Kd4 55.Rc6 Ke4 56.Ra6 Ke3 57.Rb6 Re7
58.Rc6 Re8 59.Ra6 Re7 60.Ra3+ Ke4 61.Kf2 Rb7 62.Ra4+ Kd5 63.Ra6 Re7 64.Kf3 Rd7
65.Ra5+ Kc6 66.Ra3 Rd1 67.Ra7 Rd8 68.g4 fxg4+ 69.Kxg4 Rg8+ 70.Kf3 Rb8 71.Re7 Rb3+
72.Kg4 Kd5 73.Kg5 Rb1 74.Kf6 Ke4 75.Kxe6 Kxf4 76.Kf7  1-0

[Event "Berliner Sommer"]
[Site "Berlin"]
[Date "1997.??.??"]
[Round "1"]
[White "Ibragimov, Ildar"]
[Black "Schubert, Silke"]
[Result "1-0"]
[WhiteElo "2585"]
[BlackElo "2075"]

1.d4 e6 2.c4 f5 3.Nc3 Nf6 4.e3 d5 5.Bd3 c6 6.Nge2 Bd6 7.f3 O-O 8.Qc2 Na6
9.a3 Kh8 10.cxd5 cxd5 11.Nb5 Bb8 12.Bd2 Bd7 13.a4 Qe7 14.Qb3 Bc6 15.O-O Rg8
16.Qa3 Qe8 17.Be1 g5 18.Bg3 Bxg3 19.Nxg3 g4 20.Ne2 Rg6 21.Nf4 Rh6 22.Rac1 e5
23.Nd6 Qg8 24.dxe5 gxf3 25.exf6 fxg2 26.Rf2 d4 27.Rxc6 bxc6 28.Bc4  1-0

[Event "Berliner Sommer"]
[Site "Berlin"]
[Date "1997.??.??"]
[Round "2"]
[White "Schischke, Reinhard"]
[Black "Ibragimov, Ildar"]
[Result "0-1"]
[WhiteElo "2310"]
[BlackElo "2585"]

1.e4 e5 2.Nf3 Nc6 3.Bb5 a6 4.Ba4 Nf6 5.O-O Be7 6.d4 exd4 7.e5 Ne4 8.Re1 Nc5
9.Bxc6 dxc6 10.Nxd4 O-O 11.Nc3 Re8 12.Be3 Bf8 13.Qh5 Bd7 14.Rad1 Qc8 15.h3 a5
16.g4 b5 17.Nf3 Be6 18.Ng5 h6 19.Bxc5 Bxc5 20.Nce4 Be7 21.Nf6+ gxf6 22.exf6 Bxf6
23.Qxh6 Bg7 24.Qh7+ Kf8 25.Re4 Bxa2 26.Rf4 Re5 27.Qg6 Rxg5 28.Qxg5 Qe6 29.Qc5+ Kg8
30.b3 a4 31.Qa3 Bxb3 32.cxb3 Qxb3 33.Qc1 a3 34.Rf5 a2 35.Rg5 Qxd1+ 36.Qxd1 a1=Q  0-1

[Event "Berliner Sommer"]
[Site "Berlin"]
[Date "1997.??.??"]
[Round "4"]
[White "Ibragimov, Ildar"]
[Black "Seul, Georg"]
[Result "1-0"]
[WhiteElo "2585"]
[BlackElo "2425"]

1.d4 d6 2.Nf3 Bg4 3.Nbd2 Nf6 4.h3 Bf5 5.Nh4 Bc8 6.e4 g6 7.Bc4 Bg7 8.Nhf3 O-O
9.O-O Nc6 10.c3 e5 11.Re1 exd4 12.cxd4 d5 13.exd5 Nxd5 14.Ne4 Nce7 15.Bg5 h6
16.Bh4 g5 17.Bg3 Nb6 18.Bb3 Nc6 19.Rc1 Bf5 20.d5 Na5 21.Bxc7 Qd7 22.Nd6 Bxb2
23.Ne5 Bxe5 24.Rxe5 Bg6 25.Qe2 Nxb3 26.axb3 Nc8 27.Ne4 Bxe4 28.Qxe4 Nd6 29.Qe3 Nb5
30.Rxg5+ Kh7 31.Rh5  1-0

[Event "Biel op MTO"]
[Site "Biel"]
[Date "1997.??.??"]
[Round "1"]
[White "Kummerow, Heiko"]
[Black "Ibragimov, Ildar"]
[Result "0-1"]
[WhiteElo "2300"]
[BlackElo "2585"]

1.e4 e5 2.Nf3 Nc6 3.d4 exd4 4.Nxd4 Bc5 5.Be3 Qf6 6.c3 Qg6 7.Nb5 Bxe3 8.Nxc7+ Kd8
9.Nxa8 Bf4 10.f3 Bxh2 11.Qd2 Bg3+ 12.Kd1 Nge7 13.Na3 f5 14.Bd3 d6 15.Nb5 fxe4
16.Bxe4 Bf5 17.Qe3 d5 18.Kc2 Kd7 19.Nxa7 Rxa8 20.Nxc6 bxc6 21.Bd3 Ra4 22.Kb3 Bxd3
23.Kxa4 c5 24.b4 d4 25.Qd2 Nd5 26.b5 dxc3 27.Qc1 Bc2+ 28.Ka3 c4  0-1

[Event "Biel op MTO"]
[Site "Biel"]
[Date "1997.??.??"]
[Round "9"]
[White "Jaracz, Pawel"]
[Black "Ibragimov, Ildar"]
[Result "0-1"]
[WhiteElo "2445"]
[BlackElo "2585"]

1.e4 e5 2.Nf3 Nc6 3.Bb5 a6 4.Ba4 Nf6 5.O-O Be7 6.Re1 b5 7.Bb3 d6 8.c3 O-O
9.d3 Na5 10.Bc2 c5 11.Nbd2 Re8 12.Nf1 h6 13.a4 Bd7 14.Ne3 Bf8 15.h3 g6 16.Nh2 Be6
17.axb5 axb5 18.Nhg4 h5 19.Nxf6+ Qxf6 20.Bd2 Nc6 21.Rxa8 Rxa8 22.Bb3 Ne7
23.Rf1 Ra7 24.c4 b4 25.Ba4 Kh7 26.b3 Bh6 27.Bc1 Qh4 28.Nd5 Bxd5 29.cxd5 Bxc1
30.Qxc1 Qf6 31.f4 exf4 32.Rxf4 Qd4+ 33.Kh1 Kg7 34.Rf3 Qe5 35.Rf1 Nc8 36.Qc4 Ra5
37.Qc1 Nb6 38.d4 Qxe4 39.Qg5 Ra7 40.Qf6+ Kh7 41.Qxd6 Nxa4 42.bxa4 Qxd4 43.a5 Qc4
44.Rf3 Qb5 45.Qf8 f5 46.d6 b3 47.Rxf5 gxf5 48.Qxf5+ Kg8 49.Qe6+ Kf8 50.Qh6+ Ke8
51.Qxh5+ Rf7 52.d7+ Qxd7 53.Qe5+ Qe7 54.Qb8+ Kd7 55.Qb7+ Kd6 56.Qb6+ Ke5
57.Qxb3 Rf1+ 58.Kh2 Qd6  0-1

[Event "RUS-Cup5"]
[Site "Ekaterinburg"]
[Date "1997.??.??"]
[Round "2"]
[White "Fokin, Sergey"]
[Black "Ibragimov, Ildar"]
[Result "0-1"]
[WhiteElo "2380"]
[BlackElo "2555"]

1.d4 d5 2.Nf3 e6 3.g3 Nf6 4.Bg2 b5 5.O-O c5 6.Bg5 Bb7 7.Nbd2 Nbd7 8.c3 h6
9.Bxf6 Nxf6 10.Ne5 Bd6 11.f4 O-O 12.e3 b4 13.Rf2 Rb8 14.c4 cxd4 15.exd4 dxc4
16.Bxb7 Rxb7 17.Ndxc4 Be7 18.Qd3 Rc7 19.f5 Qd5 20.Ne3 Qd6 21.fxe6 Qxe6 22.Nf5 Rd8
23.Re2 Bf8 24.Rf1 Qd5 25.Qe3 Nh7 26.h4 h5 27.Qb3 g6 28.Ne3 Qxb3 29.axb3 Rxd4
30.N3c4 Bg7 31.Nf3 Rd8 32.Rfe1 Nf6 33.Re7 Rxe7 34.Rxe7 Rd7 35.Rxd7 Nxd7 36.Kg2 Nc5
37.Nfd2 f5  0-1

[Event "RUS-Cup5"]
[Site "Ekaterinburg"]
[Date "1997.??.??"]
[Round "5"]
[White "Ibragimov, Ildar"]
[Black "Glyanets, Alexander"]
[Result "1-0"]
[WhiteElo "2555"]
[BlackElo "2405"]

1.b3 e5 2.Bb2 Nc6 3.e3 Nf6 4.c4 Be7 5.d3 d5 6.cxd5 Nxd5 7.Nf3 f6 8.Be2 O-O
9.O-O Be6 10.a3 Qd7 11.Qc2 Rfd8 12.Nbd2 Bf8 13.Rfd1 Qf7 14.b4 Nb6 15.Rab1 Rac8
16.Bc3 Ba2 17.Rb2 Be6 18.Ne4 Nd7 19.Qb1 a6 20.Rbd2 Nb6 21.Rc1 Nd7 22.Bd1 Kh8
23.Bc2 Ba2 24.Qa1 Bd5 25.Rdd1 Re8 26.Ned2 Nb6 27.Qb1 Rcd8 28.d4 exd4 29.Nxd4 Qh5
30.Nf1 Nxd4 31.Rxd4 Bc6 32.Ng3 Qh6 33.Rcd1 Rxd4 34.Bxd4 Nc4 35.Qa2 Nd6 36.Bb3 Qg5
37.Bc5 Ne4 38.Nxe4 Bxe4 39.f4 Qg4 40.Bxf8 Rxf8 41.Rd4 Bc6 42.Be6 Qh5 43.Qd2 Qg6
44.f5 Qe8 45.Qc3 Qh5 46.h3 h6 47.Qc5 Qe8 48.e4 Kh7 49.e5 b6 50.Qc2 fxe5 51.Rc4 Ba4
52.Qe4 Qd8 53.Qxe5 c6 54.Rd4 Qf6 55.Qxf6 Rxf6 56.g4 g6 57.Rd7+ Kh8 58.Rd8+ Kg7
59.Rg8+ Kh7 60.Rb8 gxf5 61.Bxf5+ Kg7 62.Rxb6 Bb5 63.Rb7+ Kf8 64.Kh2 Rd6 65.Kg3 Rd1
66.Rh7 Ra1 67.Kf4 Rxa3 68.Rxh6 a5 69.Ke5 Ke7 70.Rh7+ Kd8 71.bxa5 Rxa5 72.Kd6 Ke8
73.Be6 Kf8 74.Rf7+ Ke8 75.Rg7  1-0

[Event "RUS-Cup5"]
[Site "Ekaterinburg"]
[Date "1997.??.??"]
[Round "9"]
[White "Ibragimov, Ildar"]
[Black "Malaniuk, Vladimir P"]
[Result "1/2-1/2"]
[WhiteElo "2555"]
[BlackElo "2610"]

1.Nf3 f5 2.g3 Nf6 3.Bg2 d6 4.d4 g6 5.O-O Bg7 6.c3 O-O 7.Nbd2 Nc6 8.b4 a6
9.Qb3+ e6 10.Bb2 Ne4 11.Rfd1 Qf6 12.c4 Qf7 13.Rac1 Ne7 14.e3 h6 15.Qc2 Nxd2
16.Nxd2 g5 17.d5 e5 18.c5 Bd7 19.cxd6 cxd6 20.Qc7 Ba4 21.Re1 Nc8 22.e4 Qe8
23.Qxb7 Ra7 24.Qb8 Qd7 25.Nc4 Rb7 26.Qa8 Na7 27.Qxb7 Qxb7 28.Nxd6 Qxb4 29.Nc4 Rc8
30.Ba3 Qxc4 31.Rxc4 Rxc4 32.exf5 Nb5 33.d6 Rd4 34.Bc5 Rd2 35.Bb4 Rd4 36.Bc5 Nxd6
37.Bxd4 exd4 38.Re6 Bf8 39.Bd5 Kh7 40.Rf6 Be7 41.Re6 Bf8 42.Rf6 Be7  1/2-1/2

[Event "Groningen op"]
[Site "Groningen"]
[Date "1997.??.??"]
[Round "1"]
[White "Ibragimov, Ildar"]
[Black "Lanchava, Tea"]
[Result "1-0"]
[WhiteElo "2585"]
[BlackElo "2275"]

1.e4 d6 2.d4 g6 3.Nf3 Bg7 4.c3 Nf6 5.Bd3 O-O 6.O-O c5 7.h3 Nbd7 8.Re1 Qc7
9.Na3 a6 10.e5 dxe5 11.dxe5 Nd5 12.Be4 N5b6 13.Bf4 Rd8 14.Qc1 e6 15.c4 Nb8
16.Bh6 f5 17.exf6 Bxf6 18.Qc2 Bg7 19.Bxg7 Qxg7 20.Rad1 Bd7 21.Qb3 Nc8 22.Qxb7  1-0

[Event "Groningen op"]
[Site "Groningen"]
[Date "1997.??.??"]
[Round "8"]
[White "Nenashev, Alexander"]
[Black "Ibragimov, Ildar"]
[Result "1/2-1/2"]
[WhiteElo "2585"]
[BlackElo "2585"]

1.d4 Nf6 2.c4 e6 3.Nf3 b6 4.g3 Bb4+ 5.Bd2 a5 6.Bg2 Bb7 7.O-O O-O 8.Bf4 Be7
9.Nc3 Ne4 10.Qc2 Nxc3 11.Qxc3 Be4 12.Rfd1 c6 13.Rac1 Na6 14.a3 Rc8 15.Ne5 Bxg2
16.Kxg2 d6 17.Nd3 c5 18.dxc5 bxc5 19.Qb3 Nb8 20.Qa4 Qc7 21.b4 axb4 22.axb4 cxb4
23.Nxb4 Nd7 24.Qb5 Rfd8 25.Na6 Qc6+ 26.Kg1 d5 27.Bc7 Rxc7 28.Nxc7 Qxc7 29.cxd5 Nc5
30.dxe6 Rxd1+ 31.Rxd1 Nxe6 32.Rd7 Qc1+ 33.Kg2 Bf8 34.Qd5 Qc8 35.h4 Qe8 36.e3 h5
37.Ra7 g6 38.Qe4 Qb8 39.Rb7 Qc8 40.Qd5 Qc3 41.Qf3 Qg7 42.Qd5 Ba3 43.Ra7 Bb2
44.Rb7 Bf6 45.Rb8+ Kh7 46.Rb7 Kh6 47.Qf3 Nd8 48.Rd7 Qh8 49.Qe4 Qf8 50.Qf4+ Kg7
51.Qe4 Kg8 52.Qd5 Qe8 53.Ra7 Kg7 54.Kg1 Kg8 55.Ra6 Kg7 56.Ra7 Nc6 57.Qd7 Qxd7
58.Rxd7 Ne5 59.Rb7 Ng4 60.Kf1 Be5 61.Ke2 Kf6 62.Rb6+ Ke7 63.Ra6 Bd6 64.Rb6 Ke6
65.Ra6 f6 66.Rb6 Nh6 67.Ra6 Nf5 68.Kf3 Nh6 69.Ra7 Ng4 70.Rh7 f5 71.Ra7 Be7
72.Ra6+ Bd6 73.Ke2 Nf6 74.Rc6 Ne4 75.Rb6 Ke7 76.Ra6 Ke6 77.Ra7 Kf6 78.Kf3 Nd2+
79.Kg2 Ne4 80.Ra6 Ke6 81.Kf3  1/2-1/2

[Event "Groningen op"]
[Site "Groningen"]
[Date "1997.??.??"]
[Round "9"]
[White "Ibragimov, Ildar"]
[Black "Movsesian, Sergei"]
[Result "1/2-1/2"]
[WhiteElo "2585"]
[BlackElo "2555"]

1.d4 e6 2.c4 Bb4+ 3.Nc3 Nf6 4.e3 c5 5.Bd3 O-O 6.Ne2 cxd4 7.exd4 d5 8.Bg5 dxc4
9.Bxc4 Nbd7 10.O-O Nb6 11.Bb3 Be7 12.Qd3 Bd7 13.Nf4 Bc6 14.Bxf6 Bxf6 15.Rad1  1/2-1/2

[Event "US-op"]
[Site "Las Vegas"]
[Date "1997.??.??"]
[Round "1"]
[White "Snyder, L."]
[Black "Ibragimov, Ildar"]
[Result "0-1"]
[WhiteElo "2135"]
[BlackElo "2260"]

1.e4 e5 2.Nf3 Nc6 3.d4 exd4 4.Nxd4 Bc5 5.Nb3 Bb4+ 6.c3 Be7 7.c4 Bb4+ 8.N1d2 Qe7
9.Bd3 a5 10.a3 Bd6 11.Nf3 a4 12.Nbd4 Nxd4 13.Nxd4 Bc5 14.Be3 d6 15.O-O Nf6
16.f3 O-O 17.Nc2 Qe5 18.Rb1 Be6 19.Qd2 b6 20.Bxc5 Qxc5+ 21.Qe3 Nd7 22.Qxc5 Nxc5
23.Be2 f5 24.Nd4 fxe4 25.fxe4 Bd7 26.Bf3 Rae8 27.Rfe1 Re5 28.b4 axb3 29.Nxb3 Nxb3
30.Rxb3 Rfe8 31.Rc3 Be6 32.Kf2 Ra8 33.Rec1 Rea5 34.Ke3 Rxa3 35.Rc2 Bxc4  0-1

[Event "US-op"]
[Site "Las Vegas"]
[Date "1997.??.??"]
[Round "2"]
[White "Ibragimov, Ildar"]
[Black "Doss, J."]
[Result "1-0"]
[WhiteElo "2645"]
[BlackElo "2265"]

1.d4 f5 2.g3 Nf6 3.Bg2 g6 4.Nf3 Bg7 5.O-O O-O 6.c4 d6 7.Nc3 Qe8 8.b3 Na6
9.Ba3 c6 10.Qd3 h6 11.e4 fxe4 12.Nxe4 Nxe4 13.Qxe4 Bf5 14.Qe3 Qf7 15.Rae1 g5
16.h4 g4 17.Nh2 Rfe8 18.Be4 Nc7 19.f3 gxf3 20.Rxf3 Qe6 21.Bxf5 Qxe3+ 22.Rfxe3 Bxd4
23.Bg6 Red8 24.Kg2 Bxe3 25.Rxe3 e6 26.Ng4 c5 27.h5 Rd7 28.Bb2 e5 29.Nxh6+ Kg7
30.Nf5+  1-0

[Event "Anibal op 4th"]
[Site "Linares"]
[Date "1997.??.??"]
[Round "1"]
[White "Ibragimov, Ildar"]
[Black "Solana Suarez, Ernesto"]
[Result "1-0"]
[WhiteElo "2555"]
[BlackElo "2310"]

1.d4 Nf6 2.c4 e6 3.Nc3 Bb4 4.e3 c5 5.Bd3 Nc6 6.Nf3 Bxc3+ 7.bxc3 d6 8.O-O e5
9.Nd2 O-O 10.Rb1 Qe7 11.d5 e4 12.Nxe4 Nxe4 13.dxc6 bxc6 14.Qc2 Nf6 15.e4 h6
16.Rd1 Re8 17.f3 Qc7 18.Bf1 Be6 19.Bf4 Red8 20.Qf2 Nh5 21.Be3 f5 22.exf5 Bxf5
23.Rb2 Rf8 24.Rbd2 Rad8 25.Qh4 Nf6 26.Bf4 Ne8 27.Qg3 Rf6 28.h4 Qe7 29.h5 Re6
30.Qf2 Qf6 31.Rc1 Qf7 32.Qh4 Qf6 33.Qxf6 Rxf6 34.Rb2 Rd7 35.Re1 Kf7 36.a4 Nc7
37.Bg3 Re6 38.Rd1 Ne8 39.Kf2 Nf6 40.Bh2 Ke7 41.g4 Bh7 42.Bh3 d5 43.g5 hxg5
44.Bxe6 Kxe6 45.cxd5+ cxd5 46.Rb5 c4 47.Re1+ Kf7 48.Be5 Nxh5 49.Rg1 Nf4 50.Bxf4 gxf4
51.Rg4 Ke6 52.Rxf4 Bf5 53.Rh4 Bc2 54.a5 Ba4 55.Rb8 Rf7 56.Ke3 Kd6 57.Rg4 Kc5
58.Rg8 Re7+ 59.Kd2 Rf7 60.f4 Rb7 61.R4xg7 Rb2+ 62.Ke3 Rc2 63.Rc8+ Bc6 64.Rg6 Rxc3+
65.Kd2 Kd4 66.Rcxc6 Ra3 67.f5 Ra2+ 68.Kc1 Kc3 69.Rg3+ Kb4 70.Rf3 d4 71.f6 c3
72.f7 Kb3 73.Kd1  1-0

[Event "Anibal op 4th"]
[Site "Linares"]
[Date "1997.??.??"]
[Round "2"]
[White "Stojanovic, Mihajlo"]
[Black "Ibragimov, Ildar"]
[Result "1/2-1/2"]
[WhiteElo "2445"]
[BlackElo "2555"]

1.d4 Nf6 2.c4 e6 3.Nc3 Bb4 4.e3 b6 5.Bd3 Bb7 6.Nf3 O-O 7.O-O c5 8.Na4 cxd4
9.exd4 Qc7 10.Be3 Be7 11.h3 d6 12.Bf4 Nbd7 13.Re1 Rfe8 14.Rc1 Bf8 15.c5 bxc5
16.Nxc5 Bc6 17.Qc2 Bxf3 18.gxf3 Rac8 19.Qa4 Nb6 20.Qa6 Nfd5 21.Ne4 Qb8 22.Bd2 e5
23.a4 exd4 24.Qb5 Re5 25.a5 Nf4 26.Qa6 Nxd3 27.Qxd3 Nd7 28.Qxd4 Nc5 29.b4 Nxe4
30.fxe4 Rce8 31.Bf4 Rb5 32.Rc4 Qb7 33.Qd2 Qd7 34.Kh2 d5 35.Rd4 Qe7 36.Rxd5 Rxd5
37.Qxd5 Qxb4 38.Re3 Bc5 39.Rb3 Qd4 40.Be3 Bd6+ 41.Kg2 Qxe4+ 42.Qxe4 Rxe4
43.Bxa7 Kf8 44.Rb7 Ke8 45.Bb6 Ra4 46.Kf3 g5 47.Ke3 h5 48.Ra7 g4 49.hxg4 h4
50.a6 h3 51.Ra8+ Kd7 52.a7 h2 53.Rh8 Be5 54.Rh5 Kc6 55.Bc5 Kb7 56.Rh7 Ka8
57.f4 Rxf4 58.Rxh2 Rc4 59.Rh7 Rxc5 60.Rxf7 Bd6 61.Rg7 Bc7 62.g5 Kxa7 63.Kd4 Kb6
64.Rxc7 Rxc7 65.Ke5 Kc6 66.g6 Kd7 67.g7  1/2-1/2

[Event "Anibal op 4th"]
[Site "Linares"]
[Date "1997.??.??"]
[Round "7"]
[White "Ibragimov, Ildar"]
[Black "Rausis, Igors"]
[Result "1-0"]
[WhiteElo "2555"]
[BlackElo "2470"]

1.d4 Nf6 2.c4 e6 3.Nc3 Bb4 4.e3 O-O 5.Bd3 d5 6.a3 Bxc3+ 7.bxc3 c6 8.Ne2 b6
9.cxd5 cxd5 10.O-O Ba6 11.f3 Bxd3 12.Qxd3 Qc8 13.e4 Qa6 14.Qe3 Nc6 15.e5 Nd7
16.Ng3 Rae8 17.a4 f6 18.Ba3 Rf7 19.exf6 Rxf6 20.Nh5 Rf7 21.Nf4 Qc4 22.Rfe1 Na5
23.Bb4 Nb3 24.Rab1 Nbc5 25.a5 bxa5 26.Bxc5 Nxc5 27.Nxd5 Na4 28.Ra1 Rd7 29.Nf4 Nxc3
30.Rac1 Rc7 31.d5 Qc5 32.Qxc5 Rxc5 33.d6 e5 34.d7 Rd8 35.Ne6 Ne2+ 36.Kf1 Nxc1
37.Nxc5 Na2 38.Rd1 Kf7 39.Nb7 Ke7 40.Nxd8 Kxd8 41.Ra1 Nb4 42.Rxa5 Nc6 43.Rd5 a5
44.Rd6 Nb4 45.Ke2 a4 46.Kd2 a3 47.Kc3 a2 48.Kb2  1-0

[Event "Minsk op"]
[Site "Minsk"]
[Date "1997.??.??"]
[Round "1"]
[White "Ibragimov, Ildar"]
[Black "Batulev, Andrey"]
[Result "1-0"]
[WhiteElo "2555"]
[BlackElo "2185"]

1.d4 Nf6 2.c4 g6 3.Nc3 Bg7 4.e4 d6 5.f3 O-O 6.Nge2 c5 7.d5 Na6 8.Ng3 Nc7
9.Be2 Bd7 10.O-O a6 11.a4 b5 12.Be3 b4 13.Nb1 Nfe8 14.Ra2 e6 15.b3 exd5 16.cxd5 Qe7
17.Bc4 f5 18.Bxc5 a5 19.Bd4 fxe4 20.Nxe4 Nf6 21.Re2 Nxe4 22.Rxe4 Qf7 23.Bxg7 Kxg7
24.Qd4+ Kg8 25.Rfe1 Rfe8 26.Nd2 Bf5 27.R4e3 Rxe3 28.Rxe3 Re8 29.Nf1 Rxe3
30.Nxe3 Qg7 31.Qxg7+ Kxg7 32.g4 Bc8 33.g5 Bb7 34.Kf2 Na8 35.Ke2 Nb6 36.Kd3 Nd7
37.Ng4 Nc5+ 38.Kd4 Bc8 39.Nf6 Bd7 40.Ne4 Nxe4 41.fxe4 Kf7 42.e5 Ke7 43.e6 Bc8
44.Bd3 Bb7 45.h4 Bc8 46.h5 gxh5 47.Bxh7 h4 48.Bf5 Bb7 49.Bg4 Ba6 50.g6 Kf6
51.Bh5 Bc8 52.g7 Kxg7 53.e7 Bd7 54.e8=Q Bxe8 55.Bxe8 h3 56.Bh5 h2 57.Bf3 Kf6
58.Kc4 Ke5 59.Bh1  1-0

[Event "Minsk op"]
[Site "Minsk"]
[Date "1997.??.??"]
[Round "7"]
[White "Ibragimov, Ildar"]
[Black "Zaitsev, Igor A"]
[Result "1-0"]
[WhiteElo "2555"]
[BlackElo "2450"]

1.c4 g6 2.g3 Bg7 3.Bg2 e5 4.Nc3 Nc6 5.Nf3 d6 6.O-O Bf5 7.d3 Nge7 8.Rb1 Qd7
9.b4 Bh3 10.b5 Nd8 11.Nd5 Bxg2 12.Kxg2 O-O 13.a4 Ne6 14.Ng5 Nxg5 15.Bxg5 f6
16.Bd2 Nf5 17.a5 c6 18.bxc6 bxc6 19.Qa4 Rf7 20.Nc3 Rc8 21.a6 Rc7 22.Rb8+ Bf8
23.Rfb1 Kg7 24.R1b7 h5 25.Be1 d5  1-0

[Event "New York op"]
[Site "New York"]
[Date "1997.??.??"]
[Round "?"]
[White "Ibragimov, Ildar"]
[Black "Psakhis, Lev"]
[Result "1-0"]
[WhiteElo "2555"]
[BlackElo "2610"]

1.d4 e6 2.c4 Nf6 3.Nc3 Bb4 4.e3 O-O 5.Nf3 b6 6.Bd3 Bb7 7.O-O Bxc3 8.bxc3 Be4
9.Be2 c5 10.Ne1 Bb7 11.f3 d5 12.cxd5 Nxd5 13.Bd2 Qc7 14.Rc1 Nd7 15.Nd3 f5
16.c4 N5f6 17.Qb3 Rfe8 18.Rfd1 e5 19.dxe5 Nxe5 20.Qc2 Ng6 21.Nf2 Nh4 22.Nh3 Qf7
23.Rf1 Rad8 24.Rcd1 Qh5 25.Nf4 Qg5 26.g3 Ng6 27.Ng2 Qh5 28.Bc3 Rxd1 29.Qxd1 Ne5
30.Nh4 Ned7 31.Qd3 g6 32.Rd1 Qh6 33.Ng2 Ne5 34.Bxe5 Rxe5 35.Qd6 Rxe3 36.Qxf6 Re8
37.Rd7 Bc8  1-0

[Event "RUS-Cup9"]
[Site "Novgorod"]
[Date "1997.??.??"]
[Round "1"]
[White "Ibragimov, Ildar"]
[Black "Riazantsev, Alexander"]
[Result "1-0"]
[WhiteElo "2555"]
[BlackElo "2330"]

1.d4 Nf6 2.c4 g6 3.Nc3 Bg7 4.e4 d6 5.f3 O-O 6.Nge2 e5 7.d5 Nh5 8.Be3 f5 9.Qd2 Nd7
10.O-O-O Ndf6 11.Ng3 Kh8 12.Nxh5 Nxh5 13.Kb1 Qe7 14.Bd3 Bd7 15.Bc2 a6 16.a3 b6
17.Rhg1 Rf7 18.exf5 gxf5 19.g4 Nf4 20.Rde1 Ng6 21.Bg5 Bf6 22.Bh6 Nh4 23.Qe3 Bg7
24.Bg5 Bf6 25.Bxf6+ Qxf6 26.g5 Qe7 27.Qf2 Ng6 28.Ne2 b5 29.h4 Rg8 30.h5 Nf8
31.f4 bxc4 32.Nd4 Qe8 33.fxe5 dxe5 34.Nf3 Re7 35.Nxe5 Qxh5 36.g6 Rxe5 37.Rxe5 Nxg6
38.Qd4 Rg7 39.Re7  1-0

[Event "RUS-Cup9"]
[Site "Novgorod"]
[Date "1997.??.??"]
[Round "6"]
[White "Beshukov, Sergei"]
[Black "Ibragimov, Ildar"]
[Result "0-1"]
[WhiteElo "2435"]
[BlackElo "2555"]

1.e4 g6 2.Nc3 Bg7 3.h4 d6 4.h5 Nc6 5.Bc4 Nf6 6.h6 Bf8 7.d4 e5 8.dxe5 Nxe5
9.Bb3 Be7 10.Nge2 O-O 11.Bf4 c6 12.Ng3 b5 13.a4 b4 14.Na2 a5 15.Nc1 Ba6 16.Nd3 Nfd7
17.Be3 Bf6 18.Rb1 Nxd3+ 19.cxd3 Ne5 20.d4 Nd3+ 21.Kd2 c5 22.Ne2 Qb6 23.f4 cxd4
24.Bg1 Rae8 25.Bd5 Nc5 26.Ng3 Bd3 27.Rc1 Nxe4+ 28.Kxd3 Nxg3 29.Rc6 Qd8 30.Rh3 Ne2
31.Qf1 Qd7 32.f5 g5 33.g3  0-1

[Event "RUS-Cup8"]
[Site "Smolensk"]
[Date "1997.??.??"]
[Round "1"]
[White "Ibragimov, Ildar"]
[Black "Isupov, Vladimir"]
[Result "1-0"]
[WhiteElo "2555"]
[BlackElo "2375"]

1.d4 Nf6 2.Nf3 g6 3.Bg5 Bg7 4.Nbd2 O-O 5.c3 d6 6.e4 Nbd7 7.Bd3 e5 8.O-O h6
9.Bh4 Qe8 10.Re1 Nh5 11.a4 a5 12.Bb5 c6 13.Bf1 Bf6 14.Bxf6 Nhxf6 15.Nc4 Qe7
16.Qd2 Kg7 17.Rad1 Kh7 18.h3 Re8 19.dxe5 dxe5 20.Nd6 Rf8 21.Qe3 Ne8 22.Nxc8 Rxc8
23.Qa7 Nc5 24.Qxa5 Nf6 25.Qb4 Rfe8 26.a5 Ra8 27.Nd2 Rad8 28.f3 Nh5 29.Nc4 Nf4
30.Kh2 h5 31.Nd6 Nfe6 32.Nxe8 Rxe8 33.Qb6 h4 34.b4  1-0

[Event "RUS-Cup8"]
[Site "Smolensk"]
[Date "1997.??.??"]
[Round "5"]
[White "Ibragimov, Ildar"]
[Black "Kotsur, Pavel"]
[Result "1-0"]
[WhiteElo "2555"]
[BlackElo "2480"]

1.d4 Nf6 2.c4 g6 3.Nc3 Bg7 4.e4 d6 5.h3 O-O 6.Nf3 a6 7.Bg5 c6 8.Bd3 b5 9.O-O Nbd7
10.a3 h6 11.Be3 bxc4 12.Bxc4 d5 13.exd5 Nb6 14.Ba2 Nbxd5 15.Ne5 Qd6 16.Rc1 Nxe3
17.fxe3 Be6 18.Bxe6 Qxe6 19.Na4 Nd5 20.Nc5 Qd6 21.Rf3 Nf6 22.b4 Rfb8 23.Nb3 Ne4
24.Nxf7 Qd5 25.Nc5 a5 26.Qd3 Rf8 27.Qxe4 Rxf7 28.Qxd5 cxd5 29.b5  1-0

[Event "Russian Cup f"]
[Site "Sochi"]
[Date "1997.??.??"]
[Round "3"]
[White "Malaniuk, Vladimir P"]
[Black "Ibragimov, Ildar"]
[Result "1/2-1/2"]
[WhiteElo "2615"]
[BlackElo "2585"]

1.d4 Nf6 2.Nf3 e6 3.c4 b6 4.Nc3 Bb4 5.Bg5 h6 6.Bh4 Bb7 7.e3 Bxc3+ 8.bxc3 d6
9.Nd2 Qe7 10.Be2 Nbd7 11.Bf3 Bxf3 12.Qxf3 O-O 13.Qc6 Rfc8 14.O-O Nf8 15.a4 Qd7
16.Qb5 c6 17.Qb3 Ne8 18.Bg3 Ng6 19.Rfd1 Rab8 20.Rab1 Qd8 21.Qa2 e5 22.a5 c5
23.axb6 axb6 24.Qc2 Qe7 25.Qf5  1/2-1/2

[Event "Russian Cup f"]
[Site "Sochi"]
[Date "1997.??.??"]
[Round "10"]
[White "Ibragimov, Ildar"]
[Black "Kharitonov, Andrei Y"]
[Result "1-0"]
[WhiteElo "2585"]
[BlackElo "2540"]

1.e4 c6 2.d4 d5 3.e5 Bf5 4.Nf3 e6 5.Be2 h6 6.O-O Ne7 7.Nbd2 Nd7 8.c3 c5 9.Nb3 c4
10.Nbd2 Nc6 11.Ne1 Be7 12.Nc2 O-O 13.Ne3 Bh7 14.f4 b5 15.a3 Qb6 16.Qe1 Bd8
17.Nf3 f6 18.Qg3 Ne7 19.Nh4 Bc7 20.Bd2 fxe5 21.fxe5 Nf6 22.Rxf6 Rxf6 23.Ng4 Rg6
24.Nxg6 Nxg6 25.h4 Kh8 26.Rf1 Ne7 27.Rf7 Nf5 28.Bxh6 Rg8 29.Qf4 Bg6 30.Bxg7+ Rxg7
31.Rf8+ Rg8 32.Rxg8+ Kxg8 33.Qg5 Nxh4 34.Qxh4 Bd8 35.Qh6 Kf7 36.Nf6 Bxf6
37.exf6 Kxf6 38.Bh5  1-0

[Event "Ubeda op"]
[Site "Ubeda"]
[Date "1997.??.??"]
[Round "1"]
[White "Ibragimov, Ildar"]
[Black "Teran Alvarez, Ismael"]
[Result "1-0"]
[WhiteElo "2555"]
[BlackElo "2350"]

1.d4 e6 2.c4 f5 3.Nc3 Nf6 4.e3 Be7 5.Bd3 O-O 6.Nge2 d6 7.Qc2 Nc6 8.a3 g6
9.e4 fxe4 10.Nxe4 Nxe4 11.Bxe4 Bf6 12.Be3 e5 13.d5 Nd4 14.Bxd4 exd4 15.O-O a5
16.Rad1 a4 17.Nxd4 Bxd4 18.Rxd4 Qf6 19.Rd3 b6 20.Rf3 Qg7 21.Re3 Bd7 22.Rfe1 Rf4
23.Qc3 Qxc3 24.Rxc3 Bf5 25.Bxf5 Rxf5 26.f3 Ra5 27.Kf2 Rc5 28.Re8+ Kf7 29.Ra8 Rf4
30.Rxa4 b5 31.g3 bxa4 32.gxf4 c6 33.dxc6 Rxc6 34.Ke3 Rb6 35.Rc2 Ke6 36.Ke4 Rb3
37.h4 h5 38.Rg2 Kf6 39.Kd5 Kf5 40.Rg5+ Kf6 41.f5 gxf5 42.Rxh5 Rxb2 43.Rh6+ Ke7
44.Re6+ Kf7 45.Rxd6 Rb3 46.c5 Rxf3 47.c6 Rc3 48.h5 Kg7 49.h6+ Kh7 50.Rf6 Rd3+
51.Kc4  1-0

[Event "Ubeda op"]
[Site "Ubeda"]
[Date "1997.??.??"]
[Round "2"]
[White "Komljenovic, Davor"]
[Black "Ibragimov, Ildar"]
[Result "1-0"]
[WhiteElo "2460"]
[BlackElo "2555"]

1.c4 e5 2.Nc3 Nf6 3.Nf3 Nc6 4.g3 d5 5.cxd5 Nxd5 6.Bg2 Nb6 7.O-O Be7 8.d3 O-O
9.a3 Be6 10.b4 a5 11.b5 Nd4 12.Nd2 a4 13.Bxb7 Ra5 14.Rb1 Qd7 15.Nf3 Bb3 16.Qd2 Qe6
17.Nxd4 exd4 18.Nd5 Nxd5 19.Qxa5 Nc3 20.Ra1 Qxe2 21.Bf4 Qxd3 22.Qxc7 Nd5
23.Bxd5 Bxd5 24.f3 Bd8 25.Qd6 Bxf3 26.Rae1 Be4 27.Rf2 Ba5 28.Rc1 Bf5 29.Qa6 Bc3
30.b6 Bb2 31.Rxb2  1-0

[Event "Ubeda op"]
[Site "Ubeda"]
[Date "1997.??.??"]
[Round "5"]
[White "Ibragimov, Ildar"]
[Black "Fridman, Daniel"]
[Result "1/2-1/2"]
[WhiteElo "2555"]
[BlackElo "2490"]

1.d4 d6 2.e4 Nf6 3.f3 d5 4.e5 Nfd7 5.c4 dxc4 6.Bxc4 e6 7.f4 c5 8.Nf3 Nb6
9.Bb3 Nc6 10.Nc3 Nxd4 11.Nxd4 cxd4 12.Ne4 Bd7 13.O-O Bc6 14.Ng5 Be7 15.Qh5 g6
16.Qh6 Bf8 17.Qh3 Qd7 18.f5 gxf5 19.Rxf5 exf5 20.e6 fxe6 21.Qh5+ Ke7 22.Qf7+ Kd8
23.Qf6+ Ke8 24.Bxe6 Qe7 25.Bf7+ Kd8 26.Ne6+ Kc8 27.Qxh8 Qxf7 28.Nxf8 Qe8
29.Bh6 Nd7 30.Rd1 d3 31.h3 b6 32.Rxd3 Kb7 33.Qxh7 Qe1+ 34.Kh2 Qe5+ 35.Kh1 Qe1+
36.Kh2 Qe5+  1/2-1/2